000 00563nam a2200181Ia 4500
005 20250326125615.0
008 250326s9999 xx 000 0 und d
037 _aTextbook
040 _aFMSL
_beng
_cFMSL
041 _aeng
_2eng
084 _aX9B8(A) L4.2
_qFMSL
100 _aKumar R
245 0 _aImpact of productivity services in small scale industries
_cKumar R; Kantharaj G And Others
260 _aNew Delhi
_bNew Delhi, National Productivity Council
_c1974
300 _a80p
942 _cTB
_hX9B8(A) L4.2
999 _c1278781
_d1278781